Vrai ou Faux - Sport - Statistiques

Statistiques générales
  • Ce quiz a été pris 93 fois
  • Le résultat moyen est 8 sur 15
Statistiques - réponses
Question Réponse % Correct
Le mot sport vient du latin desporte, signifiant ... "inactif" Faux
77%
Il y a déjà eu un championnat du monde... de lancer de nain Vrai
77%
Il a existé une épreuve de tir à la corde aux Jeux Olympiques Vrai
76%
La première édition de la Coupe du Monde de football a été remporté par l'Uruguay Vrai
76%
Le Tour de France a été créé pour vendre des journaux Vrai
66%
Le handball était à l’origine un sport joué uniquement en extérieur Vrai
58%
Selon l'INJEP, en 2022, 75 % des 15 ans ou plus ont pratiqué une activité sportive au moins une fois par semaine Faux
52%
Le match de tennis de table le plus long a duré 132 heures Vrai
52%
Le dopage était autorisé aux premiers Jeux Olympiques modernes Faux
46%
Le plus jeune médaillé olympique avait seulement 10 ans Vrai
40%
En Corée du Nord, un panier peut valoir 8 points Vrai
39%
Il existe un championnat de lancer de tronçonneuses Faux
37%
Le volley-ball a été inventé avant le basket-ball Faux
36%
Il y avait 14 sports aux premiers Jeux Olympiques de 1896 Faux
24%
Le plus vieux médaillé aux Jeux Olympiques avait 68 ans Faux
20%
Aucun quiz correspondant
Distribution des résultats
% des personnes avec chaque résultat
Percentile par nombre de réponses
Votre historique - résultats
Vous n’avez pas pris ce quiz